[Event "CoshCh"]
[Site "?"]
[Date "1983.??.??"]
[Round "?"]
[White "Bryan, Colin"]
[Black "Brameld, Arthur F"]
[Result "0-1"]
[WhiteElo "1900"]
[BlackElo "2220"]
[PlyCount "30"]
[EventDate "1983.??.??"]
[EventType "swiss"]

1. d4 g6 2. e4 Bg7 3. Nc3 c5 4. Nf3 cxd4 5. Nxd4 Nc6 6. Be3 Nf6 7. Be2 O-O 8. O-O d5 9. exd5 Nb4 10. d6 Qxd6 11. Ncb5 Qd7 12. Qd2 Nbd5 13. Bf3 e5 14. Nxa7 Nxe3 15. Nxc8 Nxf1 0-1

[Event "Hereford"]
[Site "?"]
[Date "1983.??.??"]
[Round "1"]
[White "Brameld, Arthur F"]
[Black "Smith, D."]
[Result "1-0"]
[WhiteElo "2220"]
[BlackElo "1935"]
[PlyCount "43"]
[EventDate "1983.??.??"]
[EventType "simul"]
[EventRounds "5"]

1. e4 c5 2. Nf3 d6 3. d4 cxd4 4. Qxd4 Nc6 5. Bb5 Bd7 6. Bxc6 Bxc6 7. Nc3 e5 8. Qd3 Nf6 9. Bg5 Be7 10. O-O-O Qb6 11. Rd2 O-O-O 12. Qc4 Kb8 13. Qxf7 Qc7 14. Bxf6 gxf6 15. Nh4 f5 16. Nxf5 Bg5 17. Qxc7+ Kxc7 18. Ne3 Rhf8 19. Re1 Rf7 20. Kd1 Rdf8 21. f3 h5 22. Rd3 1-0

[Event "Hereford"]
[Site "?"]
[Date "1983.??.??"]
[Round "2"]
[White "Pye, David E"]
[Black "Brameld, Arthur F"]
[Result "0-1"]
[WhiteElo "2000"]
[BlackElo "2220"]
[PlyCount "77"]
[EventDate "1983.??.??"]
[EventType "simul"]
[EventRounds "5"]

1. e4 Nf6 2. e5 Nd5 3. d4 d6 4. Nf3 Bg4 5. h3 Bxf3 6. Qxf3 dxe5 7. dxe5 e6 8. Bc4 c6 9. O-O Nd7 10. Re1 Qc7 11. Bxd5 cxd5 12. Nc3 Be7 13. Bf4 Qc4 14. Rad1 g5 15. Bc1 h5 16. Qd3 Rc8 17. Qxc4 Rxc4 18. Re2 g4 19. Nb5 a6 20. b3 axb5 21. bxc4 bxc4 22. Be3 b5 23. c3 b4 24. cxb4 Bxb4 25. Rb1 Bc3 26. Bc5 gxh3 27. gxh3 Rg8+ 28. Kh2 Rg5 29. f4 Rf5 30. Be3 d4 31. Bc1 d3 32. Rg2 Nxe5 33. fxe5 Bxe5+ 34. Kg1 Bd4+ 35. Kh2 Rf1 36. Rg8+ Kd7 37. Bg5 Be5+ 38. Kg2 Rxb1 39. a4 0-1

[Event "Hereford"]
[Site "?"]
[Date "1983.??.??"]
[Round "3"]
[White "Brameld, Arthur F"]
[Black "O'Neill, P."]
[Result "1-0"]
[WhiteElo "2220"]
[BlackElo "2020"]
[PlyCount "80"]
[EventDate "1983.??.??"]
[EventType "simul"]
[EventRounds "5"]

1. e4 c5 2. Nf3 d6 3. d4 cxd4 4. Qxd4 Nc6 5. Bb5 Bd7 6. Bxc6 Bxc6 7. Nc3 Nf6 8. Bg5 h6 9. Bxf6 gxf6 10. O-O-O Rg8 11. Nh4 e6 12. Rhe1 Be7 13. g3 Qb6 14. f4 Qxd4 15. Rxd4 Kd7 16. Nf3 Bd8 17. Red1 Bc7 18. a4 Ke7 19. Nb5 Bxb5 20. axb5 Rgd8 21. R1d3 a6 22. b6 Bxb6 23. Rb4 Bc5 24. Rxb7+ Rd7 25. Rdb3 Rad8 26. Kd2 Rxb7 27. Rxb7+ Rd7 28. Rxd7+ Kxd7 29. g4 Kc6 30. Kd3 d5 31. h4 dxe4+ 32. Kxe4 Kd7 33. h5 Bf8 34. Ne1 Kd6 35. Nd3 a5 36. b3 Kc6 37. g5 fxg5 38. fxg5 hxg5 39. Ne5+ Kc5 40. Nd7+ Kb4 1-0

[Event "Hereford"]
[Site "?"]
[Date "1983.??.??"]
[Round "4"]
[White "Dawson, Craig R"]
[Black "Brameld, Arthur F"]
[Result "1/2-1/2"]
[WhiteElo "2240"]
[BlackElo "2220"]
[PlyCount "122"]
[EventDate "1983.??.??"]
[EventType "simul"]
[EventRounds "5"]

1. c4 e5 2. Nc3 Nc6 3. g3 g6 4. Bg2 Bg7 5. e4 d6 6. Nge2 Be6 7. d3 Qd7 8. O-O Bh3 9. Nd5 Bxg2 10. Kxg2 Nd4 11. f4 c6 12. Ne3 Ne7 13. fxe5 Nxe2 14. Qxe2 dxe5 15. Ng4 h5 16. Nf6+ Bxf6 17. Rxf6 Ng8 18. Rf3 h4 19. Be3 hxg3 20. Rxg3 Nf6 21. Rf1 Nh5 22. Rg5 Qe6 23. d4 f6 24. Qg4 Qxc4 25. Rxg6 Kf7 26. dxe5 Rag8 27. e6+ Qxe6 28. Qxe6+ Kxe6 29. Rxg8 Rxg8+ 30. Kf3 f5 31. exf5+ Kxf5 32. Rg1 Rxg1 33. Bxg1 b6 34. Be3 Nf6 35. h4 c5 36. Ke2 Ke4 37. Bg5 Nh5 38. Kd2 Kd4 39. Kc2 a6 40. a3 b5 41. Bd8 Ng3 42. Bb6 Kd5 43. Kd3 Nh5 44. Bd8 Ke5 45. Be7 Nf4+ 46. Kd2 c4 47. Bg5 Ne6 48. Kc3 a5 49. Be3 Nc7 50. Kc2 Nd5 51. Bc5 Kf5 52. Bf2 Kg4 53. Be1 Ne3+ 54. Kc3 Nd1+ 55. Kc2 Ne3+ 56. Kb1 a4 57. Bf2 Nd5 58. Kc2 Kf3 59. Be1 Kg4 60. Kd2 Nf4 61. Kc3 Nd3 1/2-1/2

[Event "Hereford"]
[Site "?"]
[Date "1983.??.??"]
[Round "5"]
[White "Brameld, Arthur F"]
[Black "Morris, Charles F"]
[Result "0-1"]
[WhiteElo "2220"]
[BlackElo "2205"]
[PlyCount "40"]
[EventDate "1983.??.??"]
[EventType "simul"]
[EventRounds "5"]

1. e4 e6 2. d4 d5 3. Nc3 Bb4 4. Nge2 dxe4 5. a3 Be7 6. Nxe4 Nf6 7. N2c3 O-O 8. Be3 Nc6 9. f4 Nd5 10. Nxd5 exd5 11. Nc3 Re8 12. Qf3 Bh4+ 13. Kd2 Bf5 14. Bd3 Be4 15. Qh3 Bxd3 16. Kxd3 Na5 17. Raf1 c5 18. Qf3 Qf6 19. b3 c4+ 20. bxc4 Qf5+ 0-1

[Event "Southport ch-GB"]
[Site "?"]
[Date "1983.??.??"]
[Round "1"]
[White "Brameld, Arthur F"]
[Black "Flear, Glen"]
[Result "0-1"]
[WhiteElo "2220"]
[BlackElo "2375"]
[PlyCount "52"]
[EventDate "1983.??.??"]
[EventType "simul"]
[EventRounds "11"]

1. e4 e5 2. f4 exf4 3. Nf3 Be7 4. Nc3 Bh4+ 5. Ke2 c6 6. d4 d5 7. e5 Bg4 8. Bxf4 f6 9. g3 fxe5 10. dxe5 Bg5 11. Qd2 Bxf4 12. gxf4 Nh6 13. Kf2 O-O 14. h4 Nd7 15. Be2 Qe8 16. Raf1 Qf7 17. Kg3 Qh5 18. Rfg1 Rae8 19. b4 d4 20. Ne4 Nxe5 21. Nxd4 Nf5+ 22. Nxf5 Bxe2 23. fxe5 Rxf5 24. Nf6+ gxf6 25. Kh3+ Kh8 26. Rg3 Qxh4+ 0-1

[Event "Southport ch-GB"]
[Site "?"]
[Date "1983.??.??"]
[Round "2"]
[White "Kosten, Anthony C"]
[Black "Brameld, Arthur F"]
[Result "1-0"]
[WhiteElo "2350"]
[BlackElo "2220"]
[PlyCount "71"]
[EventDate "1983.??.??"]
[EventType "simul"]
[EventRounds "11"]

1. e4 Nf6 2. Nc3 d5 3. e5 Ne4 4. Bd3 Nxc3 5. dxc3 c5 6. f4 Nc6 7. Nf3 Bg4 8. O-O e6 9. h3 Bxf3 10. Qxf3 c4 11. Be2 Bc5+ 12. Kh1 b5 13. a4 a6 14. Be3 Qb6 15. Bxc5 Qxc5 16. axb5 Qxb5 17. b3 O-O 18. bxc4 dxc4 19. Qe4 Na5 20. Rfb1 Qc5 21. Rb4 Rad8 22. Rba4 Nb3 23. cxb3 cxb3 24. Rc4 Qf2 25. Qf3 Qxf3 26. Bxf3 a5 27. Rxa5 Rb8 28. Ra1 Rfc8 29. Rxc8+ Rxc8 30. Bd1 b2 31. Rb1 Rb8 32. Kg1 f6 33. exf6 gxf6 34. Kf2 Rc8 35. Rxb2 Rxc3 36. Bb3 1-0

[Event "Southport ch-GB"]
[Site "?"]
[Date "1983.??.??"]
[Round "3"]
[White "Brameld, Arthur F"]
[Black "Garwell, Jane"]
[Result "1-0"]
[WhiteElo "2220"]
[BlackElo "2085"]
[PlyCount "41"]
[EventDate "1983.??.??"]
[EventType "simul"]
[EventRounds "11"]

1. e4 e5 2. f4 Bc5 3. Nf3 d6 4. Nc3 Nc6 5. Bb5 Bd7 6. Na4 Bb6 7. Nxb6 axb6 8. d3 Qe7 9. O-O Nf6 10. Qe1 O-O-O 11. a4 h6 12. b4 exf4 13. Bxc6 bxc6 14. Bxf4 d5 15. e5 Nh5 16. Be3 f6 17. Qh4 Be8 18. b5 c5 19. a5 Kb7 20. axb6 cxb6 21. Qa4 1-0

[Event "Southport ch-GB"]
[Site "?"]
[Date "1983.??.??"]
[Round "4"]
[White "Conquest, Stuart"]
[Black "Brameld, Arthur F"]
[Result "1-0"]
[WhiteElo "2220"]
[BlackElo "2220"]
[PlyCount "97"]
[EventDate "1983.??.??"]
[EventType "simul"]
[EventRounds "11"]

1. d4 f5 2. Nc3 g6 3. h4 Bg7 4. h5 d5 5. Bf4 Nf6 6. Qd3 Nc6 7. Qg3 Nxd4 8. h6 Bf8 9. Bxc7 Qd7 10. O-O-O Nc6 11. Be5 Nxe5 12. Qxe5 Qe6 13. Qd4 Bd7 14. Nxd5 Qxd5 15. Qxd5 Nxd5 16. Rxd5 Bc6 17. Rd2 e6 18. e3 Bd5 19. Ne2 Rc8 20. a3 g5 21. Nd4 Rd8 22. c4 Rc8 23. f3 Bc5 24. Nc2 Bc6 25. b4 Bb6 26. c5 Bc7 27. Bc4 Ke7 28. Kb2 Be5+ 29. Kb3 Rhd8 30. Rhd1 Rd7 31. b5 Rxd2 32. Rxd2 Bd7 33. Kb4 Bg3 34. a4 Rf8 35. Rd1 Rf6 36. Rh1 Bf2 37. a5 e5 38. Rf1 Bg3 39. Kc3 Rxh6 40. Nb4 Rh2 41. b6 axb6 42. cxb6 Bc8 43. e4 Rxg2 44. a6 bxa6 45. Bxa6 Bf2 46. Rxf2 Rxf2 47. Bxc8 Rxf3+ 48. Kc4 Kd6 49. b7 1-0

[Event "Southport ch-GB"]
[Site "?"]
[Date "1983.??.??"]
[Round "5"]
[White "Brameld, Arthur F"]
[Black "Watson, Ian R"]
[Result "0-1"]
[WhiteElo "2220"]
[BlackElo "2255"]
[PlyCount "118"]
[EventDate "1983.??.??"]
[EventType "simul"]
[EventRounds "11"]

1. e4 Nc6 2. f4 d5 3. exd5 Qxd5 4. Nc3 Qd6 5. Bc4 Nf6 6. d3 Bg4 7. Nge2 Qc5 8. h3 Qh5 9. Be3 e6 10. Qd2 Bxe2 11. Qxe2 Qxe2+ 12. Nxe2 Nd5 13. Bf2 O-O-O 14. O-O-O Be7 15. a3 g5 16. fxg5 Bxg5+ 17. Kb1 Rhg8 18. g4 Ne5 19. Ba2 Nf3 20. h4 Be7 21. g5 Bd6 22. c4 Nf4 23. Nxf4 Bxf4 24. Rh3 Nd4 25. Re1 c5 26. Re4 e5 27. Bg3 Bxg3 28. Rxg3 Rde8 29. Rge3 Kd7 30. Rxe5 Rxe5 31. Rxe5 Re8 32. Rxe8 Kxe8 33. b4 b6 34. bxc5 bxc5 35. Kb2 Nf3 36. Kc3 Nxh4 37. d4 cxd4+ 38. Kxd4 Nf3+ 39. Kd5 Kd7 40. Bb1 Nxg5 41. Bf5+ Kc7 42. Ke5 Kc6 43. Kf6 h6 44. Kg7 Kc5 45. Kxh6 Ne6 46. Bd3 a5 47. Bf1 Kd4 48. Kh5 Kc3 49. c5 Nxc5 50. Kg5 Kb3 51. Bb5 Kxa3 52. Bc6 Ne6+ 53. Kf6 Nd8 54. Bd5 Kb2 55. Ke7 a4 56. Kxd8 f5 57. Ke7 a3 58. Kf6 f4 59. Ke5 f3 0-1

[Event "Southport ch-GB"]
[Site "?"]
[Date "1983.??.??"]
[Round "6"]
[White "Howell, James"]
[Black "Brameld, Arthur F"]
[Result "1-0"]
[WhiteElo "2380"]
[BlackElo "2220"]
[PlyCount "37"]
[EventDate "1983.??.??"]
[EventType "simul"]
[EventRounds "11"]

1. e4 Nf6 2. e5 Nd5 3. d4 d6 4. Nf3 Bg4 5. Be2 e6 6. O-O Be7 7. h3 Bh5 8. c4 Nb6 9. Nc3 Nc6 10. exd6 cxd6 11. d5 Bxf3 12. Bxf3 Ne5 13. dxe6 fxe6 14. Bxb7 Rb8 15. Be4 Nbxc4 16. f4 Qb6+ 17. Kh1 Nxb2 18. Bxb2 Qxb2 19. Rb1 1-0

[Event "Southport ch-GB"]
[Site "?"]
[Date "1983.??.??"]
[Round "7"]
[White "Kerridge, M."]
[Black "Brameld, Arthur F"]
[Result "1-0"]
[WhiteElo "2135"]
[BlackElo "2220"]
[PlyCount "135"]
[EventDate "1983.??.??"]
[EventType "simul"]
[EventRounds "11"]

1. c4 e5 2. Nc3 Nc6 3. g3 g6 4. Bg2 Bg7 5. e3 d6 6. Nge2 Be6 7. d3 Qd7 8. h4 Nge7 9. Nd5 Nd8 10. Rb1 c6 11. Nxe7 Qxe7 12. b4 d5 13. cxd5 Bxd5 14. Bxd5 cxd5 15. Qb3 d4 16. exd4 exd4 17. Ba3 b5 18. Qd5 Qb7 19. Qxb7 Nxb7 20. Bb2 O-O-O 21. O-O Rhe8 22. Rbc1+ Kb8 23. Rc2 Rd7 24. Ra1 Nd8 25. a4 bxa4 26. Rxa4 Ne6 27. Rc4 Rc8 28. Rxc8+ Kxc8 29. Nc1 Rc7 30. Nb3 Rc2 31. Ba1 Kb7 32. Ra5 Kb6 33. Kg2 Rc7 34. Kf3 Rd7 35. Nd2 Bf8 36. Nc4+ Kb7 37. Ne5 Rc7 38. Ke4 a6 39. b5 Kb6 40. Rxa6+ Kxb5 41. Ra8 Bc5 42. Rb8+ Ka6 43. Re8 Ba7 44. f4 Nc5+ 45. Kd5 f6 46. Nc6 Nb3 47. Nxa7 Nxa1 48. Nc6 Nc2 49. Ra8+ Kb6 50. Rb8+ Rb7 51. Rxb7+ Kxb7 52. Nxd4 Nb4+ 53. Kc4 Na6 54. Ne6 Kc6 55. Nf8 Kd6 56. Nxh7 Ke6 57. g4 Nc7 58. d4 Kf7 59. g5 fxg5 60. fxg5 Ne8 61. Kd5 Ng7 62. Kc6 Nf5 63. d5 Nxh4 64. d6 Nf3 65. d7 Nd4+ 66. Kc7 Ne6+ 67. Kc8 Ke7 68. Nf6 1-0

[Event "Southport ch-GB"]
[Site "?"]
[Date "1983.??.??"]
[Round "8"]
[White "Brameld, Arthur F"]
[Black "Raynes, P."]
[Result "0-1"]
[WhiteElo "2220"]
[BlackElo "2180"]
[PlyCount "52"]
[EventDate "1983.??.??"]
[EventType "simul"]
[EventRounds "11"]

1. e4 c5 2. Nf3 d6 3. d4 cxd4 4. Qxd4 a6 5. Be3 Nc6 6. Qb6 Qxb6 7. Bxb6 Nf6 8. Nc3 e6 9. O-O-O Be7 10. Bc7 d5 11. exd5 Nxd5 12. Nxd5 exd5 13. Rxd5 Be6 14. Rd1 Rc8 15. Bd6 Bxd6 16. Rxd6 Nb4 17. a3 Rxc2+ 18. Kd1 Bb3 19. Bb5+ Rc6+ 20. Kd2 axb5 21. Re1+ Be6 22. Rdxe6+ fxe6 23. axb4 Ke7 24. Nd4 Rd8 25. Kd3 Kf7 26. b3 Rcd6 0-1

[Event "Southport ch-GB"]
[Site "?"]
[Date "1983.??.??"]
[Round "9"]
[White "Brameld, Arthur F"]
[Black "Jackson, Sheila"]
[Result "0-1"]
[WhiteElo "2220"]
[BlackElo "2215"]
[PlyCount "180"]
[EventDate "1983.??.??"]
[EventType "simul"]
[EventRounds "11"]

1. e4 e5 2. f4 exf4 3. Nf3 d5 4. exd5 Nf6 5. Bb5+ c6 6. dxc6 Nxc6 7. Qe2+ Be6 8. d4 Bd6 9. Ne5 O-O 10. Bxc6 bxc6 11. O-O Qb6 12. c3 c5 13. Rxf4 cxd4 14. cxd4 Nd7 15. Be3 Qd8 16. Qh5 Nf6 17. Qe2 Nd5 18. Rf2 Nxe3 19. Qxe3 Re8 20. Nc3 f6 21. Nf3 Bxa2 22. Qd3 Bf7 23. Raf1 Rc8 24. Qf5 Be6 25. Qh5 Bf4 26. Re2 Bc4 27. Rxe8+ Qxe8 28. Qxe8+ Rxe8 29. Ra1 Be3+ 30. Kh1 a6 31. Re1 Kf7 32. g3 g5 33. Kg2 g4 34. Nh4 Bxd4 35. Rxe8 Kxe8 36. Nf5 Be5 37. Kf2 Be6 38. Ne3 Kd7 39. Ke2 Kc6 40. Kd3 h5 41. b4 Bf7 42. Kd2 Bd6 43. Nc2 Be5 44. Ne3 Bd6 45. Nc2 h4 46. b5+ axb5 47. Nd4+ Kb6 48. Ncxb5 hxg3 49. hxg3 Bxg3 50. Ke3 Bh2 51. Nc3 Be5 52. Ne4 Bg6 53. Nf2 f5 54. Nd3 Bd6 55. Nf4 Bh7 56. Nfe6 Kb7 57. Nf4 Kc8 58. Nde2 Kd7 59. Ng3 Ke7 60. Ngh5 Bc5+ 61. Ke2 Bg8 62. Kf1 Bc4+ 63. Kg2 Kf7 64. Kg3 Be7 65. Kf2 Bd8 66. Kg2 Ba6 67. Kg3 Bb7 68. Ng7 Bc8 69. Ngh5 Bg5 70. Kf2 Ke7 71. Kg3 Kf7 72. Kf2 Bh4+ 73. Ke3 Bb7 74. Kd4 Bf2+ 75. Ke5 Bc8 76. Nd3 Ba7 77. Ndf4 Bb8+ 78. Kd4 Bb7 79. Ke3 Ba7+ 80. Ke2 Ke7 81. Ng6+ Kd6 82. Ngf4 Ba6+ 83. Ke1 Bb6 84. Kd2 Bf2 85. Nd3 Bxd3 86. Kxd3 Ke5 87. Ke2 Bh4 88. Ke3 f4+ 89. Ke2 Bf6 90. Kf2 Bh8 0-1

[Event "Southport ch-GB"]
[Site "?"]
[Date "1983.??.??"]
[Round "10"]
[White "Sutherland, A."]
[Black "Brameld, Arthur F"]
[Result "1/2-1/2"]
[WhiteElo "2140"]
[BlackElo "2220"]
[PlyCount "49"]
[EventDate "1983.??.??"]
[EventType "simul"]
[EventRounds "11"]

1. d4 Nf6 2. c4 e6 3. Nf3 c5 4. d5 b5 5. Bg5 bxc4 6. e4 Qa5+ 7. Qd2 Qxd2+ 8. Nfxd2 Be7 9. Nc3 O-O 10. Bxc4 h6 11. Bf4 d6 12. dxe6 Bxe6 13. O-O Nc6 14. Rad1 Nd4 15. e5 dxe5 16. Bxe5 Bxc4 17. Nxc4 Rfd8 18. Rfe1 Rd7 19. Kf1 Rad8 20. b3 Kf8 21. Rd2 Nc6 22. Rxd7 Rxd7 23. Rd1 Rxd1+ 24. Nxd1 Nd5 25. Bc3 1/2-1/2

[Event "Southport ch-GB"]
[Site "?"]
[Date "1983.??.??"]
[Round "11"]
[White "Brameld, Arthur F"]
[Black "Varley, Peter"]
[Result "1-0"]
[WhiteElo "2220"]
[BlackElo "2150"]
[PlyCount "43"]
[EventDate "1983.??.??"]
[EventType "simul"]
[EventRounds "11"]

1. e4 e5 2. f4 exf4 3. Nf3 g5 4. h4 g4 5. Ne5 Nf6 6. Bc4 d5 7. exd5 Bd6 8. d4 Nh5 9. Bb5+ c6 10. dxc6 O-O 11. cxb7 Bxb7 12. Qxg4+ Kh8 13. Qxh5 Bxg2 14. Rg1 f3 15. Bd3 f5 16. Ng6+ Kg8 17. Bc4+ Rf7 18. Bxf7+ Kxf7 19. Ne5+ Kg8 20. Qf7+ Kh8 21. Bg5 Be7 22. c3 1-0

[Event "CoshCh"]
[Site "?"]
[Date "1983.??.??"]
[Round "?"]
[White "Brameld, Arthur F"]
[Black "Bryan, Colin"]
[Result "1-0"]
[WhiteElo "2220"]
[BlackElo "1900"]
[PlyCount "97"]
[EventDate "1983.??.??"]
[EventType "swiss"]

1. e4 e5 2. f4 d6 3. Nf3 Nc6 4. Bc4 Nf6 5. Nc3 Be7 6. d3 Bg4 7. Bb5 O-O 8. Bxc6 bxc6 9. h3 Bxf3 10. Qxf3 exf4 11. Bxf4 Qb8 12. Rb1 Re8 13. O-O Qb6+ 14. Kh1 Rab8 15. e5 Nd7 16. exd6 cxd6 17. Bxd6 Bxd6 18. Qxf7+ Kh8 19. Qxd7 Qd4 20. Rbe1 Rxe1 21. Rxe1 Qf4 22. Re8+ Rxe8 23. Qxe8+ Bf8 24. Ne4 Qf1+ 25. Kh2 Qf4+ 26. g3 Qf1 27. Qh5 g6 28. Qe5+ Bg7 29. Qb8+ Bf8 30. Qxa7 c5 31. Qb8 Qe2+ 32. Kg1 Qd1+ 33. Kg2 Qxc2+ 34. Nf2 Kg7 35. Qe5+ Kf7 36. Qc3 Qe2 37. d4 Bg7 38. Qb3+ c4 39. Qb7+ Kf8 40. Qf3+ Qxf3+ 41. Kxf3 Bxd4 42. Nd1 Be5 43. g4 Ke7 44. Ke4 Ke6 45. a4 h5 46. a5 hxg4 47. hxg4 Bc7 48. a6 Bb6 49. Nc3 1-0

[Event "CoshClub"]
[Site "?"]
[Date "1983.??.??"]
[Round "?"]
[White "Brameld, Arthur F"]
[Black "Carter, Anthony FC"]
[Result "1-0"]
[WhiteElo "2220"]
[BlackElo "2040"]
[PlyCount "67"]
[EventDate "1983.??.??"]
[EventType "match"]
[EventRounds "2"]

1. d4 d5 2. c4 e6 3. Nc3 Nf6 4. Bg5 c6 5. e3 Nbd7 6. Nf3 h6 7. Bh4 Be7 8. cxd5 exd5 9. Bd3 O-O 10. Qc2 Re8 11. O-O Nf8 12. Rae1 Ne4 13. Bxe7 Qxe7 14. Bxe4 dxe4 15. Nd2 b6 16. f3 Ba6 17. Rf2 Bd3 18. Qb3 exf3 19. Rxf3 Bg6 20. Nc4 Nd7 21. e4 b5 22. Na5 Qd6 23. d5 Ne5 24. Rg3 Qc5+ 25. Kh1 b4 26. Nb7 Qf2 27. Qd1 bxc3 28. Rxc3 cxd5 29. Rf1 Qxb2 30. Rb3 Qxa2 31. Nd6 Red8 32. Qxd5 Ng4 33. Rxf7 Qa1+ 34. Rf1+ 1-0

[Event "CoshCh"]
[Site "?"]
[Date "1983.??.??"]
[Round "?"]
[White "Bench Capon, Colin"]
[Black "Brameld, Arthur F"]
[Result "0-1"]
[WhiteElo "2820"]
[BlackElo "2220"]
[PlyCount "74"]
[EventDate "1983.??.??"]
[EventType "swiss"]

1. Nf3 f5 2. d4 g6 3. g3 Bg7 4. Bg2 Nf6 5. Nc3 c6 6. O-O O-O 7. Bf4 d6 8. Qc1 Qc7 9. Bh6 e5 10. Bxg7 Kxg7 11. dxe5 dxe5 12. e3 Na6 13. a3 Nc5 14. b4 Ne6 15. Qb2 e4 16. Nd4 Nxd4 17. exd4 Be6 18. Ne2 Bc4 19. Rfe1 Nd5 20. Bf1 Rae8 21. Nc3 Bxf1 22. Nxd5 cxd5 23. Kxf1 f4 24. Qb3 Qd7 25. Kg2 f3+ 26. Kh1 Qh3 27. Rg1 Rf5 28. g4 Rg5 29. Rg3 Qh4 30. Qe3 Rxg4 31. Rag1 Rxg3 32. Rxg3 Rc8 33. Qb3 Rc4 34. Qa4 Qe7 35. c3 Rxc3 36. Qxa7 Rc1+ 37. Rg1 Qg5 0-1

[Event "Ports Lge"]
[Site "?"]
[Date "1983.??.??"]
[Round "?"]
[White "Goddard, Jonathan"]
[Black "Brameld, Arthur F"]
[Result "0-1"]
[WhiteElo "1950"]
[BlackElo "2220"]
[PlyCount "56"]
[EventDate "1983.??.??"]
[EventType "swiss"]

1. g3 f5 2. d4 g6 3. Bg2 Bg7 4. Nf3 Nf6 5. O-O O-O 6. c4 d6 7. Nc3 c6 8. d5 e5 9. dxe6 Bxe6 10. b3 Ne4 11. Nxe4 Bxa1 12. Bh6 Bg7 13. Bxg7 Kxg7 14. Nfg5 Bc8 15. Qd4+ Kg8 16. Nf7 Rxf7 17. Nxd6 Rd7 18. c5 Rxd6 19. cxd6 Be6 20. Rd1 Nd7 21. e4 Qb6 22. Qc3 fxe4 23. Bxe4 Rf8 24. Rd2 Qc5 25. Qd3 Bh3 26. Rc2 Qe5 27. f4 Qa1+ 28. Kf2 Ne5 0-1

[Event "CoshCh"]
[Site "?"]
[Date "1983.??.??"]
[Round "?"]
[White "Coppin, Brian"]
[Black "Brameld, Arthur F"]
[Result "0-1"]
[WhiteElo "2810"]
[BlackElo "2220"]
[PlyCount "76"]
[EventDate "1983.??.??"]
[EventType "swiss"]

1. e4 Nf6 2. Nc3 d5 3. e5 Ne4 4. d4 Nxc3 5. bxc3 c5 6. Bb5+ Nc6 7. Nf3 Bg4 8. Qd3 e6 9. O-O Be7 10. Rb1 c4 11. Qe3 Bf5 12. Qd2 Qd7 13. Qd1 h6 14. Ne1 a6 15. Bxc6 Qxc6 16. f4 O-O-O 17. Bb2 Be4 18. Qc1 Qa4 19. Ra1 f5 20. Qb1 Rdg8 21. Bc1 b5 22. Bd2 g5 23. Rf2 gxf4 24. Bxf4 Rg6 25. Qd1 Rhg8 26. Qh5 Qa3 27. Qh3 Kd7 28. Bc1 Qa4 29. Bf4 Bg5 30. Bxg5 hxg5 31. Qh7+ R6g7 32. Qh5 Qa3 33. g4 f4 34. Qh3 Rh7 35. Qf1 Rh4 36. h3 Qxc3 37. Nf3 Rxh3 38. Qxh3 Qxa1+ 0-1

[Event "Ports Lge"]
[Site "?"]
[Date "1983.??.??"]
[Round "?"]
[White "Brameld, Arthur F"]
[Black "Crossin, Austin D"]
[Result "1-0"]
[WhiteElo "2220"]
[BlackElo "1765"]
[PlyCount "117"]
[EventDate "1983.??.??"]
[EventType "swiss"]

1. d4 e6 2. c4 Nf6 3. Nc3 d5 4. Bg5 Be7 5. cxd5 exd5 6. e3 a6 7. Bd3 Nc6 8. Nge2 h6 9. Bxf6 Bxf6 10. Nf4 Ne7 11. Qf3 c6 12. Nh5 Ng8 13. O-O g6 14. Nf4 Ne7 15. Ne6 Bxe6 16. Qxf6 O-O 17. Qf4 Kh7 18. Rfe1 Bf5 19. Rad1 Qb8 20. Qh4 Qd6 21. e4 g5 22. Qh5 Bg6 23. exd5 Nxd5 24. Nxd5 cxd5 25. Re5 Kg7 26. Bxg6 fxg6 27. Qe2 Rf7 28. Re6 Qf4 29. g3 Qc7 30. Qd3 Rf6 31. Rxf6 Kxf6 32. Qf3+ Kg7 33. Qxd5 Re8 34. Qc5 Re7 35. Qb4 Qd8 36. d5 Rd7 37. d6 Qf6 38. Qb6 Qe6 39. a3 Kf7 40. Qb4 b5 41. Qd4 Qf6 42. Qd5+ Qe6 43. Qc6 a5 44. Qxb5 Rxd6 45. Qb7+ Kf6 46. Qf3+ Ke7 47. Rc1 Rd7 48. Qc3 Qd5 49. Re1+ Kf7 50. Qh8 Rd8 51. Qh7+ Kf6 52. Qe7+ Kf5 53. h3 h5 54. Rc1 Qd4 55. Qf7+ Ke5 56. Re1+ Kd6 57. Re6+ Kc5 58. Qc7+ Kb5 59. Qc6# 1-0

[Event "HLge"]
[Site "?"]
[Date "1983.??.??"]
[Round "?"]
[White "Brameld, Arthur F"]
[Black "Hyde, Ken"]
[Result "0-1"]
[WhiteElo "2220"]
[BlackElo "2125"]
[PlyCount "82"]
[EventDate "1983.??.??"]
[EventType "simul"]
[EventRounds "2"]

1. e4 c5 2. Nf3 Nc6 3. b4 cxb4 4. d4 d5 5. exd5 Qxd5 6. c4 bxc3 7. Nxc3 Qa5 8. d5 Nf6 9. Qd2 Nb8 10. Bc4 g6 11. O-O Bg7 12. Re1 O-O 13. Rb1 Qc5 14. Qe2 Bg4 15. Rxb7 Nbd7 16. Be3 Qa5 17. Bd4 Rfc8 18. Reb1 Bf8 19. d6 Bxf3 20. gxf3 Qg5+ 21. Kh1 e5 22. Be3 Qh4 23. R1b4 Qh5 24. Nd5 Nxd5 25. Bxd5 Bxd6 26. Rg4 e4 27. Bf4 Bxf4 28. Rxf4 Rc1+ 29. Kg2 Qg5+ 30. Rg4 Qxd5 31. Rb3 exf3+ 32. Rxf3 Ne5 33. Re4 Nxf3 34. Qxf3 Qg5+ 35. Kh3 Qf5+ 36. Kg3 Qxf3+ 37. Kxf3 Rc3+ 38. Kf4 Rac8 39. Kg5 R8c5+ 40. Kf6 Rf5+ 41. Ke7 Kg7 0-1

[Event "Ports Lge"]
[Site "?"]
[Date "1983.??.??"]
[Round "?"]
[White "Szekely, Mihaly"]
[Black "Brameld, Arthur F"]
[Result "1-0"]
[WhiteElo "2400"]
[BlackElo "2220"]
[PlyCount "85"]
[EventDate "1983.??.??"]
[EventType "swiss"]

1. e4 Nf6 2. e5 Nd5 3. d4 d6 4. Nf3 Bg4 5. Bc4 e6 6. O-O Nb6 7. Bb5+ c6 8. Be2 Bxf3 9. Bxf3 dxe5 10. dxe5 Qxd1 11. Bxd1 N8d7 12. f4 Bc5+ 13. Kh1 Nd5 14. Re1 N7b6 15. c3 O-O-O 16. Bb3 Rd7 17. g3 h5 18. Nd2 h4 19. Ne4 Be7 20. Kg2 hxg3 21. hxg3 f5 22. exf6 gxf6 23. Nf2 Rg8 24. Rxe6 Bd8 25. c4 Nc7 26. Re3 Rdg7 27. Bd2 Nd7 28. Bc3 Nc5 29. Bc2 Kb8 30. Ne4 N5e6 31. Rf1 Ne8 32. f5 Ng5 33. Nxg5 Rxg5 34. c5 Bc7 35. Rff3 R5g7 36. Bb3 Rh8 37. Re4 Rgh7 38. Rfe3 Ng7 39. Bxf6 Rh2+ 40. Kf3 Nxf5 41. Re8+ Bd8 42. Be5+ Ka8 43. Bxh8 1-0

[Event "HLge"]
[Site "?"]
[Date "1983.??.??"]
[Round "?"]
[White "Peters, A John"]
[Black "Brameld, Arthur F"]
[Result "0-1"]
[WhiteElo "1975"]
[BlackElo "2220"]
[PlyCount "50"]
[EventDate "1983.??.??"]
[EventType "simul"]
[EventRounds "2"]

1. d4 Nf6 2. Nf3 e6 3. Nbd2 d5 4. e3 c5 5. c3 Nc6 6. Bd3 c4 7. Bc2 Qc7 8. Qe2 b5 9. e4 Bb7 10. O-O Be7 11. Re1 dxe4 12. Nxe4 Rd8 13. Nxf6+ Bxf6 14. Bg5 Qe7 15. Bxf6 Qxf6 16. Rad1 Ne7 17. Qe5 Bxf3 18. gxf3 Nd5 19. Qg3 O-O 20. Re5 g6 21. Rde1 a6 22. R1e4 b4 23. h4 bxc3 24. bxc3 Nxc3 25. Rf4 Qxe5 0-1

[Event "ColeCup"]
[Site "?"]
[Date "1983.??.??"]
[Round "?"]
[White "Bloxsom, Dave"]
[Black "Brameld, Arthur F"]
[Result "0-1"]
[WhiteElo "1800"]
[BlackElo "2220"]
[PlyCount "74"]
[EventDate "1983.??.??"]
[EventType "simul"]
[EventRounds "4"]

1. c4 e5 2. b3 Nc6 3. Bb2 d6 4. g3 g6 5. Bg2 Bg7 6. Nf3 Nge7 7. d3 O-O 8. O-O h6 9. Nc3 Bg4 10. Qc2 Qd7 11. Rfd1 f5 12. a3 Bxf3 13. exf3 Nd4 14. Qb1 Nxb3 15. Ra2 Nd4 16. f4 exf4 17. Bxb7 Rab8 18. Bd5+ Nxd5 19. Nxd5 fxg3 20. hxg3 f4 21. Qa1 Ne2+ 22. Kg2 f3+ 23. Kf1 Nxg3+ 24. fxg3 Qh3+ 25. Ke1 Rfe8+ 26. Kd2 Re2+ 27. Kc1 Rbxb2 28. Rxb2 Bxb2+ 29. Qxb2 Rxb2 30. Kxb2 Qg2+ 31. Kc3 Qe2 32. Rd2 Qe5+ 33. d4 Qxg3 34. Nf6+ Kg7 35. Ne4 Qe1 36. Kd3 Qf1+ 37. Kc3 Qc1+ 0-1